[Event "NED-ch U13 Girls"]
[Site "Rijswijk"]
[Date "2008.05.03"]
[Round "7"]
[White "Hamelink, Veronique"]
[Black "Van Mulekom, Maureen"]
[Result "0-1"]
[WhiteElo "748"]
[BlackElo "892"]
[PlyCount "112"]
[EventDate "2008.05.01"]
[EventType "swiss"]
[EventRounds "9"]
[EventCountry "NED"]
[SourceTitle "EXT 2010"]
[Source "ChessBase"]
[SourceDate "2010.11.25"]
[SourceVersion "1"]
[SourceVersionDate "2010.11.25"]
[SourceQuality "1"]

1. e4 e5 2. Nf3 Nc6 3. Nc3 Nf6 4. Bc4 Bc5 5. Ng5 0-0 6. d3 h6 7. Nf3 d6 8. h3 Bb4 9. Bd2 Bxc3 10. Bxc3 d5 11. Bb5 dxe4 12. Nxe5 Nxe5 13. Bxe5 exd3 14. Bxd3 Qd5 15. Bxf6 gxf6 16. Bh7+ Kxh7 17. Qxd5 Kg7 18. 0-0 Be6 19. Qxb7 Rfc8 20. Qf3 Rg8 21. Qc6 Kh8 22. Qxc7 Bxh3 23. Qxf7 Rxg2+ 24. Kh1 Rg7 25. Qxf6 Bxf1 26. Qxh6+ Rh7 27. Rxf1 Rxh6+ 28. Kg2 Rg8+ 29. Kf3 Rf8+ 30. Ke3 Re6+ 31. Kd2 Rd8+ 32. Kc1 Ra6 33. a3 Kg7 34. c3 Kf6 35. Kc2 Ke5 36. Re1+ Kf4 37. Rf1 Kf3 38. Rh1 Kxf2 39. Rh2+ Ke3 40. Rh3+ Kf2 41. Rh2+ Kg1 42. Re2 Rb6 43. Re1+ Kf2 44. Rd1 Rxd1 45. Kxd1 Rxb2 46. Kc1 Rb3 47. Kc2 Rxa3 48. Kb2 Ra6 49. c4 Rc6 50. Kb3 Ke3 51. Kb4 Kd4 52. Kb5 Rxc4 53. Ka6 Rb4 54. Kxa7 Kc5 55. Ka6 Rb1 56. Ka5 Ra1# 0-1